Očkovanie, Európa a Slovensko

Bibliographic Details
Main Authors: Šimurka, Pavol (Author), Dluholucký, Svetozár, 1940- (Author)
Format: Article
Language:Slovak
PhysicalDescription:Tab.
ISSN:1335-0838
Subjects:

MARC

LEADER 00000nab a2200000 a 4500
001 vtls008875643
003 SK-MaSNL
005 20260426083839.0
008 250505c2005 xo 0 slo
015 |a SNBCL2005/5 
035 |a SLK036764 
035 |a urn:nbn:sk:snk-ab34x9 
035 |a (urnnbn)urn:nbn:sk:snk:ar-a05xg1 
035 |a (uuid)9acf7c34-d708-4cf2-98bf-96f3958ae449 
040 |a SNKBUCL  |b slo  |c SNKBUCL  |e AACR2 
041 0 |a slo 
044 |a xo  |c SK 
080 |a 614.47(4)+614.47(437.6)  |2 1981 
100 1 |a Šimurka, Pavol  |4 aut  |9 47158 
245 1 0 |a Očkovanie, Európa a Slovensko  |c Pavol Šimurka, Svetozár Dluholucký 
246 1 0 |a The vaccination, Europe and Slovakia 
246 1 1 |a The vaccination, Europe and Slovakia 
300 |b Tab. 
504 |a Bibliogr. odkazy 
610 7 |a Európska únia  |2 MESH  |9 29861 
650 0 7 |a vakcinácia  |x dieťa  |2 MESH  |9 1457343 
650 0 7 |a programy imunizačné  |x organizácia a riadenie  |2 MESH  |9 1457344 
650 0 7 |a zaangažovanie verejnosti  |2 MESH  |9 1457345 
651 7 |a Slovensko  |2 SNKBUCL  |9 14231 
651 7 |a Európa  |2 SNKBUCL  |9 167569 
651 7 |a Slovensko  |2 MESH  |9 14231 
651 7 |a Európa  |2 MESH  |9 167569 
700 1 |a Dluholucký, Svetozár,  |d 1940-  |4 aut  |9 113068 
773 0 |t Detský lekár  |g Roč. 12, č. 4 (2005), s. 13-14, 19  |x 1335-0838 
850 |a Slovenská národná knižnica 
852 |a Slovenská národná knižnica 
954 |a odborná, vedecká literatúra pôvodná (slovenská)  |2 lita 
958 |a article27 
958 |a OND 
958 |a EUIPO 
999 |c 2916140  |d 2918070